000 00893nam a2200253Ia 4500
003 GCL
005 20240530101952.0
008 140319s9999 xx 000 0 ara d
040 _aGCL /
_cGCL
082 0 4 _a071.962
_bق/ا ت
100 1 _aابراهيم عبده الهوارى
245 1 0 _aتاريخ الوقائع المصرية 1942-1828 /
_cابراهيم عبده الهوارى
260 _a[S.N] :
_bمؤسسة سجل العرب ،
_c1983
300 _a215 ص
650 0 4 _aتاريخ
650 0 4 _aقوانين وتشريعات
650 0 4 _aالصحافة المصرية
650 0 4 _aالصحافة العربية
650 0 4 _aالحكومة والصحافة
650 0 4 _aالاحتلال البريطانى
650 0 4 _aالدوريات
650 0 4 _aمصر - تاريخ - العصر الحديث - عصر اسماعيل ( 1863-1879 م )
942 _2ddc
_cBK
999 _c29069
_d29069